书目信息 |
| 题名: |
美国读本
|
|
| 作者: | 戴安娜·拉维奇 ;林本椿 | |
| 分册: | 下 | |
| 出版信息: | 北京 三联书社 1995 |
|
| 页数: | 878页 | |
| 开本: | 20cm | |
| 丛书名: | ||
| 单 册: | ||
| 中图分类: | K71 | |
| 科图分类: | ||
| 主题词: | 北美洲--历史 | |
| 电子资源: | ||
| ISBN: | 7-108-00727-4 | |
| 000 | 00580nam0 2200193 450 | |
| 001 | 0728815141 | |
| 005 | 20070819080015.14 | |
| 010 | @a7-108-00727-4@d¥29.50 | |
| 100 | @a20070819d km y0chiy0120 ea | |
| 101 | 0 | @achi |
| 200 | 1 | @a美国读本@Amei guo du ben@h下@f戴安娜.拉维奇@Fdai an na.la wei qi@g林本椿等@Glin ben chun deng |
| 210 | @a北京@c三联书社@d1995 | |
| 215 | @a878页@d20cm | |
| 606 | 0 | @a北美洲@x历史 |
| 690 | @aK71@v3 | |
| 701 | 0 | @a戴安娜·拉维奇@Adai an na·la wei qi |
| 702 | 0 | @a林本椿@Alin ben chun |
| 801 | 0 | @aCN@bPFT@c20070819 |
| 905 | @a213230@dK71@eZW5:2@f1 | |
| 美国读本.下/戴安娜.拉维奇/林本椿等.-北京:三联书社,1995 |
| 878页;20cm |
| ISBN 7-108-00727-4:¥29.50 |
| ● |
| 相关链接 |
|
|
|
|
正题名:美国读本
索取号:K71/ZW5:2
 
预约/预借
| 序号 | 登录号 | 条形码 | 馆藏地/架位号 | 状态 | 备注 |
| 1 | 7611360 | 276113607 | 密集书库-文学院/ [索取号:K71/ZW5:2] | 在馆 |